000 00599nam a22001817a 4500
003 0
005 20240807151503.0
008 240807b xxu||||| |||| 00| 0 eng d
020 _a978-0-367-47690-8
050 _aRC 489
_b.C66 2022
245 _aCompassion focused therapy :
_bclinical practice and applications
_cedited by Paul Gilbert and Gregoris Simos
260 _aNew York, New York
_bRoutledge
_c2022
300 _axxv, 627 pages ;
_c25cm.
504 _aIncludes bibliographical references and index.
650 _aEmotion--focused therapy.
650 _aCompassion.
942 _2lcc
_cBK
999 _c366054
_d366054